000 00342nam a2200145Ia 4500
008 191201s2010 xx 000 0 und d
082 _a658
_bPRP
100 _aPRASAD, LM
245 0 _aPrinciples and Practices of Management
250 _aRep
260 _aN. Delhi
_bSultan Chand
_c2010
300 _a884
650 _aBBA
942 _2ddc
_cBK
999 _c4896
_d4896